Simulácia technologického procesu ohýbania v simulačnom programe DEFORM
Uložené v:
| Hlavný autor: | |
|---|---|
| Ďalší autori: | |
| Médium: | Rukopis Kniha |
| Jazyk: | Slovak |
| Vydavateľské údaje: |
2017
|
| Predmet: | |
| On-line prístup: | http://is.stuba.sk/zp/portal_zp.pl?podrobnosti=126864 |
| Tagy: |
Žiadne tagy, Buďte prvý, kto otaguje tento záznam!
|
MARC
| LEADER | 00000ntm a22000003a 4500 | ||
|---|---|---|---|
| 001 | stuzp56109 | ||
| 003 | SK-STU | ||
| 005 | 20170610210202.0 | ||
| 007 | ta | ||
| 008 | 150427s2015----xo-----f-mn---000-0-slo-d | ||
| 040 | |a STU |b slo | ||
| 041 | 0 | |a slo | |
| 100 | 1 | |a Macháček, Jakub |u 063000 |k Z4 |4 aut |U MTF Materiálovotechnologická fakulta |T MTF Ústav výrobných technológií |X 66143 |U M3000 |Y 83 |7 A000066143 | |
| 242 | 0 | 1 | |a Simulation of technological bending process in DEFORM simulation program |y eng |
| 245 | 1 | 0 | |a Simulácia technologického procesu ohýbania v simulačnom programe DEFORM |
| 260 | |c 2017 | ||
| 650 | 4 | |a ohýbanie |2 slo | |
| 650 | 4 | |a simulácia |2 slo | |
| 650 | 4 | |a simulačný program |2 slo | |
| 650 | 4 | |a CAD |2 slo | |
| 650 | 4 | |a DEFORM |2 slo | |
| 650 | 4 | |a bending |2 eng | |
| 650 | 4 | |a simulation |2 eng | |
| 650 | 4 | |a simulation program |2 eng | |
| 650 | 4 | |a CAD |2 eng | |
| 650 | 4 | |a DEFORM |2 eng | |
| 700 | 1 | |a Sobota, Róbert |u 063600 |k Z1 |4 ths |U MTF Ústav výrobných technológií |T MTF Katedra obrábania a tvárnenia |X 3784 |U M3600 |Y 841 |7 A000003784 | |
| 856 | 4 | |u http://is.stuba.sk/zp/portal_zp.pl?podrobnosti=126864 | |
| 996 | |c M* DP-13101 |l MMSKP |s P |a 0 |w stuzp56109_0001 | ||